| 000 | 01018nam a2200325 i 4500 | ||
|---|---|---|---|
| 003 | EG-GICUC | ||
| 005 | 20260409155601.0 | ||
| 008 | 260409s1982 nyu |||fr|||| 00| 0 eng d | ||
| 020 | _a0155707086 | ||
| 040 |
_aEG-GiCUC _beng _cEG-GiCUC _dEG-GiCUC _erda |
||
| 082 | 0 | 4 |
_221 _a343.81 _bJO . P |
| 092 | 0 | 4 | _221 |
| 099 | _aLaw1 10 343.81 JO . P 1982 | ||
| 100 | 1 |
_aJohnson, Robert A. _eAuthor. |
|
| 245 | 1 | 0 |
_aPolice Report Writing / _cRobert A. Johnson, Ralph W. Pease. |
| 264 | 1 |
_aNew York : _bHarcourt Brace Jovanovich, Inc, _c1982. |
|
| 300 |
_a176 pages; _c24 cm. |
||
| 336 |
_2rda content _atext |
||
| 337 |
_2rda media _aComputer |
||
| 338 |
_2rda carrier _aOnline Resource |
||
| 490 | _aHbj Criminal Justice Series | ||
| 546 | _aText in English | ||
| 650 | 1 |
_aPolice Scientifique _2qrmak |
|
| 650 | 1 |
_aDroit De Panél _2qrmak |
|
| 651 | 1 | _2qrmak | |
| 700 | 1 |
_aPease, Ralph W _eAnnotator. |
|
| 856 | 4 | 0 | _uhttps://fll.law.cu.edu.eg/fulltext/bks/B10-08645.pdf |
| 905 | _a54 | ||
| 942 |
_2ddc _cBK _e21 _n0 |
||
| 999 |
_c69870 _d69870 |
||